[Event "XII Lublin Union Memorial 2020"]
[Site "Lublin"]
[Date "2020.11.05"]
[Round "1.1"]
[White "Nasuta, Grzegorz"]
[Black "Czernek, Tymon"]
[Result "1-0"]
[WhiteElo "2535"]
[BlackElo "2359"]
[Annotator "TA"]
[PlyCount "112"]
[EventDate "2020.11.05"]
[EventType "tourn"]
[EventCountry "POL"]
[SourceTitle "playchess.com"]
[Source "ChessBase"]
[SourceQuality "1"]

{[%evp 17,112,47,54,48,41,52,58,68,61,31,53,33,119,19,239,275,290,300,310,322,341,304,345,337,339,329,349,220,214,216,208,210,230,219,211,210,225,219,233,234,239,233,327,292,392,389,372,275,259,141,154,0,262,251,271,260,255,269,250,258,253,254,248,247,378,381,366,363,371,323,435,401,741,808,825,822,818,828,827,700,824,679,827,741,1116,783,772,602,589,564,29973,29974,29974,29975,29975,29976,29976]} 1. d4 Nf6 2. c4 g6 3. Nc3 Bg7 4. e4 d6 5. f3 Nc6 6. Nge2 a6 7. Be3 O-O 8. Qd2 Rb8 9. Rc1 Bd7 10. Nd1 {E84: King's Indian: Sämisch Panno: 7 Nge2 a6 8 Qd2 Rb8.} b5 {10...Re8 deserves study.} 11. c5 e6 12. Nf2 {White is slightly better.} Ne8 {[#]} 13. h4 $146 ({Predecessor:} 13. g3 f5 14. Bg2 Nf6 15. O-O Kh8 16. b3 d5 17. e5 Ng8 18. g4 b4 19. Nd3 {1-0 (69) Vitiugov,N (2734)-Hjartarson,J (2523) Helsingor 2018}) 13... f5 14. h5 fxe4 {[#]} (14... gxh5 $1 $14 15. cxd6 (15. Rxh5 Nf6 $11) 15... cxd6) 15. fxe4 (15. hxg6 $1 $16 hxg6 16. Nxe4 (16. fxe4 Nf6 $16)) 15... dxc5 $2 (15... gxh5 $11 {and Black is okay.} 16. Rxh5 Nf6) 16. hxg6 $18 (16. Rxc5 Rf7) 16... hxg6 17. Bg5 (17. Rxc5 $6 Nd6 $16) (17. dxc5 e5 $11) 17... Qc8 {[%cal Rc5d4]} 18. Bh6 (18. Rxc5 $6 Rxf2 19. Kxf2 Nd6 $18) (18. dxc5 Rf7 $16) 18... Rxf2 19. Bxg7 {Threatens to win with Rh8+.} (19. Kxf2 Nd6 $16) 19... Nxg7 20. Kxf2 Qf8+ 21. Kg1 cxd4 22. Nxd4 Qd6 23. Nf3 {Hoping for Qh6.} Qxd2 24. Nxd2 e5 25. Rh6 Be8 26. Nf3 Rb6 27. Ng5 Nh5 28. Rh7 Rb7 29. Rc5 Nf4 (29... Nf6 {keeps fighting.}) 30. Rh2 Kg7 31. g3 Nh5 32. Rhc2 Kf6 33. Nh7+ (33. Rxc6+ Bxc6 34. Nh7+ (34. Rxc6+ Kxg5 35. Kh2 Rb6 $11) 34... Kg7 $14) (33. Nf3 $18) 33... Kg7 $16 34. Ng5 ({Don't do} 34. Rxc6 $6 Bxc6 35. Rxc6 Kxh7 $14) (34. g4 $16) 34... Kf6 $1 $18 {[%cal Rf6g5]} 35. Nf3 ({Less strong is} 35. Rxc6+ Bxc6 36. Nh7+ (36. Rxc6+ Kxg5 37. Kh2 Rb6 $11) 36... Kg7 $14) 35... Rb6 36. Nxe5 Nxe5 37. Rf2+ Ke7 38. Rxe5+ Re6 39. Rxe6+ Kxe6 {[%mdl 4096] Endgame KRB-KBN} 40. Rc2 c6 (40... Nxg3 $142 41. Rxc7 Nxe4) 41. Kf2 Ke5 42. Bh3 Nf6 43. Kf3 Kd4 {[#]} 44. e5 $1 {[%mdl 64] Decoy} Kxe5 (44... Ne4 $142 45. Bc8 Bf7) 45. Re2+ Kd5 46. Re6 Bd7 47. Rxf6 {[%mdl 64] Discovered Attack} Bxh3 48. Rxg6 {KR-KB} a5 49. Ke3 Bg2 50. Rg5+ Kc4 51. Rg4+ Kc5 52. Kd3 b4 53. Rg5+ Bd5 54. b3 {White mates.} Kd6 {[#]} 55. Rxd5+ $1 {[%mdl 512]} Kxd5 (55... cxd5 56. Kd4) 56. g4 Ke5 {Av CentiPawn Loss W=-28/B=-67. Weighted=-29/-60} 1-0

[Event "XII Lublin Union Memorial 2020"]
[Site "Lublin"]
[Date "2020.11.05"]
[Round "1.2"]
[White "Pacan-Milej, Kosma"]
[Black "Ovsejevitsch, Sergei"]
[Result "1/2-1/2"]
[WhiteElo "2423"]
[BlackElo "2587"]
[Annotator "TA"]
[PlyCount "95"]
[EventDate "2020.11.05"]
[EventType "tourn"]
[EventCountry "POL"]
[SourceTitle "playchess.com"]
[Source "ChessBase"]
[SourceQuality "1"]

{[%evp 22,95,53,19,18,11,26,2,0,0,0,5,15,0,0,0,0,0,7,0,4,0,25,-10,8,-33,-33,-39,0,-32,0,0,0,-30,-29,-31,-33,-52,-50,-53,-14,-64,-35,-28,-36,-52,-31,-108,-97,-103,0,-41,191,-43,-56,-57,0,-66,0,0,0,0,0,-11,-8,-20,-22,-43,22,0,0,-35,18,-8,6,-52]} 1. d4 Nf6 2. c4 e6 3. Nc3 d5 4. cxd5 exd5 5. Bg5 Be7 6. e3 c6 7. Bd3 Nbd7 8. Qc2 O-O 9. Nf3 Re8 10. O-O Nf8 11. h3 Be6 12. Ne5 N6d7 {D36: Queen's Gambit Declined: Exchange Variation: Main line (5 Bg5 c6 6 Qc2).} 13. Bxe7 Qxe7 14. f4 {Threatening f5.} f6 15. Nf3 Nb6 16. Rae1 Bf7 17. Nh4 Rad8 18. Qf2 Nc8 {[#]} 19. Nf5 $146 ({Predecessor:} 19. g4 Nd6 20. Kh1 Qc7 21. Qg2 Ng6 22. Nf3 c5 23. f5 Ne7 24. Nb5 Nxb5 25. Bxb5 {1-0 (52) Ramirez Alvarez,A (2531)-Can,E (2460) Gaziantep 2008}) 19... Qd7 20. g4 Nd6 21. Ng3 b6 22. Kh2 c5 23. g5 fxg5 24. fxg5 Qc7 25. Qf3 Nc4 26. Bxc4 dxc4 27. d5 (27. Nb5 $5 {[%cal Rb5c7]} Qd7 28. Nf5 $11) 27... Ng6 {[%cal Bf8g6,Bg6e5,Be5d3][%mdl 32]} 28. e4 Ne5 29. Qf4 Qd7 30. Re2 b5 31. Nd1 Bg6 32. Ne3 Nd3 33. Qg4 Qd6 {And now ...Rxe4 would win.} 34. Nef5 {[#]} (34. Kg1 $1 $15) 34... Bxf5 $1 $17 35. Rxf5 Re5 (35... b4 $17) 36. Kg1 Rde8 $2 {[#]} (36... g6 $15 {keeps the upper hand.} 37. Rf6 Qd7 38. Qxd7 Rxd7) 37. Rxe5 $2 (37. Rf6 $1 $18 {[%cal Rf6d6]} Qc7 38. Rc6) 37... Qxe5 $15 38. Nf5 b4 (38... Kh8 $15) 39. g6 (39. d6 $1 $11) 39... Qf6 (39... Nf4 $1 $15 40. gxh7+ Kh8) 40. gxh7+ $11 Kh8 41. Qg3 g6 42. Nh4 {e5 is the strong threat.} Kxh7 {With the idea ...Nf4.} 43. Nf3 Rf8 44. Rg2 Kh8 (44... Nf4 $15 45. e5 Qf5 46. Qh4+ Qh5) 45. Nh4 Kh7 46. Nf3 {Threatens to win with e5.} ({Wrong is} 46. Qxg6+ $2 Qxg6 47. Nxg6 Rg8 $19) 46... Kh8 (46... Nf4 $15 47. e5 Qf5 48. Qh4+ Qh5) 47. Nh4 Kh7 {aiming for ...Nf4.} 48. Nf3 {Av CentiPawn Loss W=-24/B=-22. Weighted=-31/-27} ({Don't go for} 48. Qxg6+ $2 Qxg6 49. Nxg6 Rg8 $19) (48. Nxg6 $11 Rg8 49. d6) 1/2-1/2

[Event "XII Lublin Union Memorial 2020"]
[Site "Lublin"]
[Date "2020.11.05"]
[Round "1.4"]
[White "Sliwicka, Alicja"]
[Black "Dziuba, Marcin"]
[Result "1/2-1/2"]
[WhiteElo "2311"]
[BlackElo "2596"]
[Annotator "TA"]
[PlyCount "115"]
[EventDate "2020.11.05"]
[EventType "tourn"]
[EventCountry "POL"]
[SourceTitle "playchess.com"]
[Source "ChessBase"]
[SourceQuality "1"]

{[%evp 13,115,0,12,0,19,2,11,-50,-48,-54,-54,-58,-51,-73,-50,-84,-81,-83,-81,-78,-86,-129,-114,-87,-64,-161,-155,-154,-136,-141,-108,-81,-76,-69,-41,-47,0,-60,-30,-28,-17,-46,-19,-10,-21,-29,-14,-18,0,0,0,0,0,-19,0,-15,0,0,61,-57,0,0,0,0,7,9,282,267,269,258,267,271,266,254,279,168,161,167,169,162,223,221,225,196,181,4,4,20,61,93,121,0,0,0,0,0,0,0,0,0,0,0,0,0]} 1. e4 e6 2. d4 d5 3. Nc3 Nf6 4. e5 Nfd7 5. f4 c5 6. Nf3 Nc6 7. Be3 Be7 8. dxc5 {C11: French: Classical System: 4 e5 and 4 Bg5 dxe4.} Bxc5 9. Bxc5 Nxc5 10. Nb5 ({White should play} 10. Qd2 $11) 10... O-O $1 $15 11. Bd3 {[#]} f6 $146 ({Predecessor:} 11... Nxd3+ 12. Qxd3 f6 13. O-O a6 14. Nbd4 Qb6 15. Kh1 fxe5 16. fxe5 Nxd4 17. Qxd4 Qc7 {½-½ (28) Smetisko,L (1531)-Tezayak,M (1535) Mureck 2015}) 12. O-O Bd7 {aiming for ...Qb6.} 13. a4 a6 (13... fxe5 {seems wilder.} 14. fxe5 a6 15. Nd6 Qb6 16. Kh1 Nxd3 17. cxd3 Nxe5 18. Nxe5 Qxd6 19. d4 Rxf1+ 20. Qxf1 Rf8) 14. Nbd4 Nxd4 15. Nxd4 fxe5 16. fxe5 Rxf1+ 17. Kxf1 Qb6 18. b3 Rf8+ 19. Nf3 (19. Kg1 $15) 19... Be8 $19 20. Qe2 Nxd3 21. Qxd3 Bg6 22. Qc3 d4 23. Qc4 Be4 24. a5 Qd8 25. Rd1 (25. Qxe6+ $11 Kh8 26. Qd6) 25... Bd5 26. Qxd4 Qxa5 27. Rd3 h6 28. c4 Bc6 29. Qd6 Qa1+ 30. Kf2 Qb2+ 31. Kg3 Re8 32. h3 a5 33. Qd4 Qb1 34. Qd6 Kh7 35. Kh2 Qc1 (35... Qc2 $11) 36. Kg3 (36. Nd4 $1 $14) 36... Qc2 ({Better is} 36... Be4 $15 37. Rd2 Bxf3 38. Qd3+ Kh8 39. Kxf3 Qe1) 37. Kh2 $11 Ra8 38. Nh4 $1 $36 {[%mdl 2048] Threatens to win with Rg3. White has some pressure.} Qf2 39. Rg3 Qf4 $2 {[%mdl 8192]} (39... Qf7 $1 $11 {and Black has nothing to worry.}) 40. Qxe6 $18 {[#] Threatening mate with Qg6+.} Be4 41. Ng6 Qf5 42. Qe7 Rg8 43. Rg4 {Strongly threatening Nh4.} Bc6 44. e6 Be8 45. Nh4 Qe5+ 46. Rg3 b6 (46... Bh5 $142 47. Qd7 (47. Qxb7 Re8 $16) 47... Qf6) 47. Nf3 Qf4 48. Qb7 Bh5 49. Qd5 $2 (49. Ng1 $18) 49... Bxf3 $1 $11 50. gxf3 {[%mdl 4096] Endgame KQR-KQR} Qe3 51. Qf5+ g6 {[#]} 52. Qf7+ (52. Qf6 $1 $16) 52... Rg7 {The position is equal.} 53. Qf6 g5 54. h4 {hxg5 is the strong threat.} Qf2+ 55. Kh3 Qf1+ 56. Kh2 $1 {[%cal Rh4g5]} Qf2+ 57. Kh3 Qf1+ 58. Kh2 $1 {White used his chance. Av CentiPawn Loss W=-17/B=-17. Weighted=-19/-16} 1/2-1/2

[Event "XII Lublin Union Memorial 2020"]
[Site "Lublin"]
[Date "2020.11.05"]
[Round "2"]
[White "Szpar, Milosz"]
[Black "Teclaf, Pawel"]
[Result "0-1"]
[WhiteElo "2449"]
[BlackElo "2477"]
[Annotator "ChessBase"]
[PlyCount "100"]
[EventDate "2020.11.05"]
[EventType "tourn"]
[EventCountry "POL"]
[SourceTitle "playchess.com"]
[Source "ChessBase"]
[SourceQuality "1"]
[TimeControl "40/5400+30:900+30"]

1. e4 {[%emt 0:00:00]} c5 {[%emt 0:00:02]} 2. Nf3 {[%emt 0:00:00]} e6 {[%emt 0:00:04]} 3. d4 {[%emt 0:00:10]} cxd4 {[%emt 0:00:04]} 4. Nxd4 {[%emt 0:00:04]} a6 {[%emt 0:00:03]} 5. c4 {[%emt 0:00:44]} Nf6 {[%emt 0:02:15]} 6. Nc3 {[%emt 0:00:18]} Qc7 {[%emt 0:03:04]} 7. a3 {[%emt 0:00:19]} Be7 {[%emt 0:06:41]} 8. Be3 {[%emt 0:02:31]} b6 {[%emt 0:02:45]} 9. Be2 {[%emt 0:09:59]} Bb7 {[%emt 0:01:28]} 10. f3 {[%emt 0:00:36]} O-O {[%emt 0:02:48]} 11. Rc1 {[%emt 0:01:24]} d6 {[%emt 0:01:51]} 12. O-O {[%emt 0:02:10]} Nbd7 {[%emt 0:00:23]} 13. b4 {[%emt 0:03:52]} Rac8 {[%emt 0:01:06]} 14. Qd2 {[%emt 0:00:51]} Qb8 {[%emt 0:04:53]} 15. Rc2 {[%emt 0:07:23]} Rfe8 {[%emt 0:19:21]} 16. Rfc1 {[%emt 0:04:32]} Bd8 {[%emt 0:05:09]} 17. Kh1 {[%emt 0:15:12]} Bc7 {[%emt 0:05:31]} 18. Bf1 {[%emt 0:06:59]} d5 {[%emt 0:10:37]} 19. cxd5 {[%emt 0:03:14]} Bxh2 {[%emt 0:00:55]} 20. Nc6 {[%emt 0:08:06]} Bxc6 {[%emt 0:03:59]} 21. dxc6 {[%emt 0:00:07]} Rxc6 {[%emt 0:00:28]} 22. Bxa6 {[%emt 0:04:36]} Rd8 {[%emt 0:06:19]} 23. g4 {[%emt 0:06:00]} Be5 {[%emt 0:02:10]} 24. Ne2 {[%emt 0:08:59]} Nf8 {[%emt 0:11:54]} 25. Rxc6 {[%emt 0:05:43]} Rxd2 {[%emt 0:00:05]} 26. Bxd2 {[%emt 0:00:07]} Qa8 {[%emt 0:01:43]} 27. Bb5 {[%emt 0:05:10]} Qxa3 {[%emt 0:02:49]} 28. Kg2 {[%emt 0:00:07]} h6 {[%emt 0:01:06]} 29. Rc8 {[%emt 0:01:02]} g5 {[%emt 0:01:02]} 30. R1c2 {[%emt 0:02:08]} Kg7 {[%emt 0:01:09]} 31. Nc1 {[%emt 0:00:52]} Ng6 {[%emt 0:02:03]} 32. Nd3 {[%emt 0:00:56]} Qb3 {[%emt 0:01:37]} 33. Kf2 {[%emt 0:00:43]} h5 {[%emt 0:00:31]} 34. gxh5 {[%emt 0:00:34]} Bd4+ {[%emt 0:00:16]} 35. Ke2 {[%emt 0:01:18]} Nxh5 {[%emt 0:00:04]} 36. Bxg5 {[%emt 0:00:11]} Ne5 {[%emt 0:01:01]} 37. Nxe5 {[%emt 0:00:51]} Ng3+ {[%emt 0:00:38]} 38. Kd1 {[%emt 0:00:36]} Bxe5 {[%emt 0:00:25]} 39. Be2 {[%emt 0:00:19]} Qxb4 {[%emt 0:00:30]} 40. Bh4 {[%emt 0:00:00]} Qd4+ {[%emt 0:00:00]} 41. Rd2 {[%emt 0:02:29]} Qg1+ {[%emt 0:12:05]} 42. Kc2 {[%emt 0:00:07]} Bf4 {[%emt 0:00:19]} 43. Bxg3 {[%emt 0:06:47]} Qxg3 {[%emt 0:02:38]} 44. Rc3 {[%emt 0:03:08]} Qe1 {[%emt 0:01:05]} 45. Rcd3 {[%emt 0:00:40]} Qa1 {[%emt 0:00:36]} 46. Bd1 {[%emt 0:00:58]} Qa2+ {[%emt 0:00:26]} 47. Kc1 {[%emt 0:00:30]} b5 {[%emt 0:01:00]} 48. Bc2 {[%emt 0:00:09]} b4 {[%emt 0:00:20]} 49. Rb3 {[%emt 0:01:44]} Qa7 {[%emt 0:00:22]} 50. Bb1 {[%emt 0:01:15]} Qf2 {[%emt 0:00:18]} 0-1

[Event "XII Lublin Union Memorial 2020"]
[Site "Lublin"]
[Date "2020.11.06"]
[Round "2.1"]
[White "Czernek, Tymon"]
[Black "Dziuba, Marcin"]
[Result "1-0"]
[WhiteElo "2359"]
[BlackElo "2596"]
[Annotator "TA"]
[PlyCount "91"]
[EventDate "2020.11.05"]
[EventType "tourn"]
[EventCountry "POL"]
[SourceTitle "playchess.com"]
[Source "ChessBase"]
[SourceQuality "1"]

{[%evp 14,91,22,37,32,28,18,16,20,0,0,-11,0,-11,0,0,6,0,0,4,9,3,0,-45,-7,-7,0,-10,0,0,0,0,-15,-41,-2,-56,-34,-8,0,-106,-23,-28,0,-81,-40,-45,0,0,116,116,128,129,221,214,350,322,343,311,667,661,661,653,885,856,1598,1534,5457,1208,1247,1235,1118,970,963,955,1345,1335,2060,1479,1992,1242]} 1. e4 c5 2. Nf3 Nc6 3. d4 cxd4 4. Nxd4 e5 5. Nb5 d6 6. N1c3 a6 7. Na3 Be6 8. Nc4 Rb8 {is more profitable than 8...b5 at the moment. B32: Sicilian: Löwenthal and Kalashnikov Variations.} 9. Ne3 Nf6 10. Bd3 g6 {[#] The position is equal.} 11. Ned5 $146 ({Predecessor:} 11. O-O Bg7 12. b3 O-O 13. Ba3 b5 14. Bb2 Qb6 15. a4 b4 16. Nb1 Rbd8 17. Nd2 {0-1 (39) Abdil,H (2106)-Zaja,I (2447) Bosnjaci 2020}) 11... Bxd5 12. exd5 Ne7 13. Bg5 Bg7 14. Qf3 Nd7 15. Ne4 O-O 16. Nxd6 f6 $132 {[%mdl 2048] Black is not holding back} 17. Bd2 f5 {And now ...Nc5 would win.} 18. Bc4 Nb6 ({Don't play} 18... Nc5 $6 19. Nxb7 Nxb7 20. d6+ Kh8 21. dxe7 $14) 19. Bb4 Rf6 {...Kh8 is the strong threat.} 20. Nxb7 $1 Rxb7 21. d6+ $1 Nxc4 {[%mdl 64] Discovered Attack} 22. Qxb7 Nxd6 23. Qxa6 Nd5 (23... Nf7 $5 {[%cal Rf6a6]} 24. Bxe7 Qxe7 25. Qa8+ Bf8 $15) 24. Ba5 (24. Qa5 $11 Qxa5 25. Bxa5) 24... Qb8 {[%mdl 1024] Hoping for ...Nb5. Black has compensation.} 25. Qc6 Ne7 26. Qc3 (26. Qb6 $11 Qe8 27. Qb3+ Kh8 28. O-O) 26... Nf7 (26... Qa8 $1 $17 {Strongly threatening ...Nd5.} 27. O-O-O Nf7) 27. O-O $1 $11 Nc6 28. Rfd1 (28. Qb3 $11) 28... Nd4 {Threatens to win with ...Ne2+.} 29. Qd3 h5 30. Bc3 Ne6 (30... Rb6 $11 {remains equal.}) 31. a4 $1 $16 {Black is on the road to losing.} Nf4 {[#]} 32. Qf1 $1 Ng5 {[#]} (32... Qa8 $16 {is a better defense.}) 33. Rd7 $1 $18 Rf8 (33... Qa8 $142 34. Bxe5 {[%mdl 64] Double Attack} Nfh3+ 35. Kh1 Ne4) 34. Qc4+ Nf7 35. Bb4 Qa8 $2 (35... Qc8 36. Qxc8 Rxc8) 36. f3 {White is clearly winning.} Qe8 37. Rad1 Ne6 38. Re7 Qxa4 39. Rxe6 Re8 40. Rxg6 (40. Ra6 $142 Qxa6 41. Qxa6) 40... Qa7+ 41. Bc5 Qb7 42. Rb6 Qc7 43. Qb5 Rc8 44. b4 e4 45. Rb7 Qe5 {[#]} 46. Qd7 $1 {[%mdl 64] Double Attack. Av CentiPawn Loss W=-81/B=-119. Weighted=-84/-96} 1-0

[Event "XII Lublin Union Memorial 2020"]
[Site "Lublin"]
[Date "2020.11.06"]
[Round "2.2"]
[White "Teclaf, Pawel"]
[Black "Sliwicka, Alicja"]
[Result "1-0"]
[WhiteElo "2477"]
[BlackElo "2311"]
[Annotator "TA"]
[PlyCount "87"]
[EventDate "2020.11.05"]
[EventType "tourn"]
[EventCountry "POL"]
[SourceTitle "playchess.com"]
[Source "ChessBase"]
[SourceQuality "1"]

{[%evp 9,86,-26,-20,-72,-72,-70,-67,-113,-94,-108,-102,-150,-130,-133,-93,-153,-136,-209,-120,-117,-108,-133,-57,-102,-57,-62,-44,-47,-34,-64,-57,-69,-60,-75,-67,-60,-65,-76,-73,-75,-17,-44,-10,0,0,0,0,0,0,0,0,0,27,37,69,50,65,45,109,107,225,212,510,508,495,455,1600,1439,1001,877,29990,29991,29996,29997,29997,29998,29998,29999,29999]} 1. h3 c5 2. b3 Nc6 ({Predecessor:} 2... d5 3. e3 e6 4. Bb2 Nf6 5. Nf3 Nc6 6. Bb5 Be7 7. Bxc6+ bxc6 8. O-O O-O 9. d3 Nd7 {½-½ (20) Benedetto,G (2052)-Buse,D (2457) ICCF email 2003}) 3. Bb2 e5 4. e3 g6 5. c4 Bg7 6. g3 {A00: Irregular Openings.} (6. Ne2 $11) 6... Nge7 $17 7. Bg2 d5 8. cxd5 {Black is slightly better.} Nxd5 9. a3 Be6 10. d3 O-O 11. Nd2 b6 12. Ne2 (12. Qc1 $142) 12... Qd7 13. Qc2 {[#]} (13. h4 $17) 13... Rad8 (13... Ndb4 $1 $19 {[%mdl 512]} 14. axb4 Nxb4) 14. Rd1 h5 15. Ne4 Qe7 (15... Bh6 $17 16. h4 f5) 16. N4c3 Na5 (16... Nxc3 {is more complex.} 17. Bxc3 Rd6 18. O-O Qd7 19. Kh2 Rc8) 17. Nxd5 Bxd5 (17... Rxd5 {looks sharper.} 18. Bc3 Rd7 19. Bxa5 bxa5 20. Nc3 Rb8) 18. Bxd5 Rxd5 19. Nc3 Rd7 20. e4 Qe6 21. Nd5 Rxd5 22. exd5 Qxd5 23. O-O Nxb3 24. Bc3 h4 (24... b5 $17) 25. gxh4 $11 Nd4 26. Bxd4 $1 cxd4 27. Qe2 Bh6 28. Qg4 Kh7 29. Rb1 Bf4 30. Rb4 Qc6 31. Rc4 Qd6 32. a4 Rg8 33. Kh1 Qe7 (33... Qd5+ $14 34. Qg2 Qd7) 34. h5 $16 Kh6 (34... Qb7+ $16 {was called for.} 35. Qg2 Qd7) 35. Rc6 $18 f6 $2 (35... Qg5 36. Qxg5+ Kxg5 37. hxg6 fxg6) 36. Rg1 Qf7 37. hxg6 Qd5+ (37... Rxg6 $142 38. Qh4+ Kg7 39. Rxg6+ Kxg6 40. Qg4+ Bg5) 38. f3 {Qh4+ would kill now.} Bg5 39. Rc7 {Intending Qh4+! and mate.} Rxg6 40. h4 {White mates.} Qd8 41. hxg5+ Rxg5 42. Qh3+ Rh5 {[#]} 43. Qxh5+ $1 {[%mdl 576] Deflection} Kxh5 44. Rh7# {White used his chance. Av CentiPawn Loss W=50/B=-69. Weighted=6/-80} 1-0

[Event "XII Lublin Union Memorial 2020"]
[Site "Lublin"]
[Date "2020.11.06"]
[Round "2.3"]
[White "Ovsejevitsch, Sergei"]
[Black "Szpar, Milosz"]
[Result "1-0"]
[WhiteElo "2587"]
[BlackElo "2449"]
[Annotator "TA"]
[PlyCount "51"]
[EventDate "2020.11.05"]
[EventType "tourn"]
[EventCountry "POL"]
[SourceTitle "playchess.com"]
[Source "ChessBase"]
[SourceQuality "1"]

{[%evp 21,51,39,43,20,18,0,0,0,0,0,122,113,96,116,112,103,128,143,191,199,239,225,270,235,861,874,1751,1574,1456,1437,1404,1374]} 1. Nf3 Nf6 2. c4 g6 3. Nc3 Bg7 4. e4 d6 5. d4 O-O 6. Be2 e5 7. O-O exd4 8. Nxd4 Re8 9. f3 c6 10. Kh1 Nbd7 11. Bg5 Qb6 12. Nb3 {E94: King's Indian: Classical: 6 Be2 e5 7 0-0: Various Black 7th moves.} a5 13. Na4 Qb4 14. Nc1 {The position is equal.} Nc5 15. Nd3 {[#]} Nxd3 $146 (15... Qxa4 $11 {remains equal.} 16. b3 Nxb3 $1 {[%mdl 512]} 17. axb3 Qxa1 18. Qxa1 Nxe4) ({Predecessor:} 15... Qxa4 16. b3 Nfxe4 17. bxa4 Nc3 18. Qc1 Nxe2 19. Qa3 Be6 20. Nxc5 dxc5 21. Qd3 Nc3 {½-½ (63) Eljanov,P (2761)-Bologan,V (2690) Sibenik 2010}) 16. Bxd3 $16 d5 {[%cal Rd5e4]} 17. exd5 cxd5 18. a3 $36 {[%mdl 2048] Black is under strong pressure.} Qf8 19. Nb6 Ra7 20. cxd5 {Threatens to win with Re1.} Qd6 21. Qb3 Nd7 22. Rae1 Rxe1 $2 (22... Rf8 23. Nxd7 Bxd7) 23. Rxe1 $18 {White is clearly winning.} (23. Nxc8 Rxf1+ 24. Bxf1 Qc5 $16) 23... Nxb6 {[#]} 24. Re8+ $1 ({Less strong is} 24. Be3 Ra8 $16) 24... Bf8 25. Bh6 {White threatens Qxb6! and mate.} Nd7 26. Qc3 {Black got outplayed after the opening. Av CentiPawn Loss W=-18/B=-114. Weighted=-20/-84} 1-0

[Event "XII Lublin Union Memorial 2020"]
[Site "Lublin"]
[Date "2020.11.06"]
[Round "2.4"]
[White "Nasuta, Grzegorz"]
[Black "Pacan-Milej, Kosma"]
[Result "1/2-1/2"]
[WhiteElo "2535"]
[BlackElo "2423"]
[Annotator "TA"]
[PlyCount "67"]
[EventDate "2020.11.05"]
[EventType "tourn"]
[EventCountry "POL"]
[SourceTitle "playchess.com"]
[Source "ChessBase"]
[SourceQuality "1"]

{[%evp 18,67,0,0,0,0,0,0,0,2,0,7,40,31,37,38,40,31,41,35,39,22,18,19,20,18,22,23,29,15,17,22,18,18,18,12,16,20,18,0,39,5,5,0,16,16,37,0,14,0,22,0]} 1. d4 Nf6 2. c4 e6 3. Nc3 d5 4. cxd5 exd5 5. Bg5 c6 6. e3 Bd6 7. Bd3 O-O 8. Nf3 Re8 9. Qc2 h6 10. Bh4 Be6 {D35: Queen's Gambit Declined: Exchange Variation.} 11. O-O {The old main line.} Nbd7 12. Rac1 Rc8 13. Rfe1 Qc7 {[#]} 14. Bg3 $146 ({Predecessor:} 14. a3 Bg4 15. Bg3 Bxg3 16. hxg3 a5 17. Qb3 Qb8 18. Qa4 Qa7 19. Qc2 Ra8 20. Nd2 {½-½ (52) Bendana Guerrero,G (2434)-Dutra Neto,A (2459) ICCF email 2013}) 14... a6 15. Bxd6 Qxd6 16. h3 c5 17. dxc5 Nxc5 18. Nd4 b5 {[%cal Bb7b5,Bb5b4][%mdl 32]} 19. Qd2 b4 20. Nce2 Nce4 21. Bxe4 dxe4 22. Rxc8 Rxc8 23. Rc1 Rxc1+ 24. Qxc1 a5 25. Qc2 Bd7 26. Qc4 g6 27. Ng3 Kg7 28. Nf1 Qe5 29. Nd2 Qg5 30. Kf1 Qh5 {[%cal Rh5d1] [#]} 31. Qc2 Qd5 32. Qc4 Qh5 {[%cal Rh5d1]} 33. Qc2 Qd5 34. Qc4 {Av CentiPawn Loss W=-5/B=-7. Weighted=-5/-6} 1/2-1/2